Over seven decades : (Record no. 23419)

000 -LEADER
fixed length control field 01425cam a22003497a 4500
001 - CONTROL NUMBER
control field 15182445
005 - DATE AND TIME OF LATEST TRANSACTION
control field 20170126111105.0
008 - FIXED-LENGTH DATA ELEMENTS--GENERAL INFORMATION
fixed length control field 080215s2008 nyuac bc 001 0 eng d
010 ## - LIBRARY OF CONGRESS CONTROL NUMBER
LC control number 2008923158
020 ## - INTERNATIONAL STANDARD BOOK NUMBER
International Standard Book Number 0945936869
020 ## - INTERNATIONAL STANDARD BOOK NUMBER
International Standard Book Number 9780945936862
035 ## - SYSTEM CONTROL NUMBER
System control number (OCoLC)ocn216929699
040 ## - CATALOGING SOURCE
Original cataloging agency NCNAM
Transcribing agency NCNAM
Modifying agency GZM
-- DLC
042 ## - AUTHENTICATION CODE
Authentication code lccopycat
050 00 - LIBRARY OF CONGRESS CALL NUMBER
Classification number ND237
Item number .B4573A4 2008
100 1# - MAIN ENTRY--PERSONAL NAME
Personal name Peters, Lisa N.
245 10 - TITLE STATEMENT
Title Over seven decades :
Remainder of title the art of Gershon Benjamin, 1899-1985 /
Statement of responsibility, etc. Lisa N. Peters.
246 30 - VARYING FORM OF TITLE
Title proper/short title Art of Gershon Benjamin, 1899-1985
260 ## - PUBLICATION, DISTRIBUTION, ETC. (IMPRINT)
Place of publication, distribution, etc. New York, N.Y. :
Name of publisher, distributor, etc. Spanierman Gallery,
Date of publication, distribution, etc. 2008.
300 ## - PHYSICAL DESCRIPTION
Extent 144 p. :
Other physical details col. ill., ports ;
Dimensions 28 cm.
500 ## - GENERAL NOTE
General note Catalog of an exhibition held at Spanierman Gallery, New York, Mar. 27-Apr. 26, 2008.
500 ## - GENERAL NOTE
General note Checklist of works for sale tipped in.
504 ## - BIBLIOGRAPHY, ETC. NOTE
Bibliography, etc Includes bibliographical references and index.
610 10 - SUBJECT ADDED ENTRY--CORPORATE NAME
Corporate name or jurisdiction name as entry element Benjamin, Gershon,
Date of meeting or treaty signing 1899-1985
Form subdivision Exhibitions.
700 1# - ADDED ENTRY--PERSONAL NAME
Personal name Benjamin, Gershon,
Dates associated with a name 1899-1985.
710 2# - ADDED ENTRY--CORPORATE NAME
Corporate name or jurisdiction name as entry element Spanierman Gallery.
856 41 - ELECTRONIC LOCATION AND ACCESS
Materials specified Table of contents only
Uniform Resource Identifier <a href="http://www.loc.gov/catdir/toc/fy1002/2008923158.html">http://www.loc.gov/catdir/toc/fy1002/2008923158.html</a>
942 ## - ADDED ENTRY ELEMENTS (KOHA)
Source of classification or shelving scheme
Koha item type Hard Covered Materials
Classification part ND237 .B4573A4 2008
Holdings
Withdrawn status Lost status Source of classification or shelving scheme Damaged status Not for loan Home library Current library Shelving location Date acquired Source of acquisition Total Checkouts Full call number Barcode Date last seen Price effective from Koha item type
          MACHAKOS UNIVERSITY LIBRARY MACHAKOS UNIVERSITY LIBRARY Technical section 26/01/2017 Donation(BFA)   ND237 .B4573A4 2008 32300 06/07/2018 26/01/2017 Hard Covered Materials
© Machakos University Library, Along The Highway, Machakos Wote Rd, Machakos, Kenya P.O. Box 136 - 90100 Machakos - Kenya

Tel: ( +254 ) 723 805829 OR Fax : 044-20353 OR Email: library@mksu.ac.ke